<?xml version="1.0" encoding="UTF-8"?>
<collection xmlns="http://www.loc.gov/MARC21/slim">
  <record>
    <leader>00000nam  2200000   4500</leader>
    <controlfield tag="001">INLIS000000000810206</controlfield>
    <controlfield tag="005">20251111013843</controlfield>
    <datafield tag="035" ind1="#" ind2="#">
      <subfield code="a">0010-1125000060</subfield>
    </datafield>
    <datafield tag="245" ind1="#" ind2="#">
      <subfield code="a">Al-Burhan fi Ulumil Qur’an /</subfield>
      <subfield code="c">Imam Badruddin Muhammad bin Bahadir bin Abdullah az-Zarkasyi</subfield>
    </datafield>
    <datafield tag="300" ind1="#" ind2="#">
      <subfield code="a">827 Hlm :</subfield>
      <subfield code="b">ilustrasi ;</subfield>
      <subfield code="c">24 cm.</subfield>
    </datafield>
    <datafield tag="260" ind1="#" ind2="#">
      <subfield code="a">Mesir : :</subfield>
      <subfield code="b">Syirkah al-Qudsi</subfield>
    </datafield>
    <datafield tag="082" ind1="#" ind2="#">
      <subfield code="a">297.122</subfield>
    </datafield>
    <datafield tag="084" ind1="#" ind2="#">
      <subfield code="a">297.122 ZAR a</subfield>
    </datafield>
  </record>
</collection>
